| 000 | 00845cab a2200253 4500 | ||
|---|---|---|---|
| 001 | ABS53797 | ||
| 008 | 090401t1995 xxu||||| |||| 00| 0 eng d | ||
| 035 | _a(Sirsi) u6647 | ||
| 041 | _aeng | ||
| 100 | _aLovitt, A. | ||
| 245 | _aUnattainable reality | ||
| 260 | _c1995 | ||
| 350 | _a0 | ||
| 490 |
_aEstates Gazette _v(9540) 7 October 1995, 122-123(2) |
||
| 520 | _aExamines how landlords are fighting tenants` traditional counter to rent rises - eligibility to discounts - by forecasting an `unattainable reality`; where the benefit to the tenant of the notional lease is never attained. | ||
| 650 | _aELIGIBILITY TO DISCOUNTS | ||
| 650 | _aNOTIONAL LEASES | ||
| 650 | _aRENT REVIEWS | ||
| 650 | _aUNATTAINABLE REALITY | ||
| 690 | _aLANDLORD AND TENANT-RENT REVIEWS | ||
| 700 | _aCrone, S. | ||
| 942 | _n0 | ||
| 948 | _c04/03/1997 | ||
| 999 |
_c3963 _d3963 |
||